| 000 | 00568nmm a2200169Ia 4500 | ||
|---|---|---|---|
| 008 | 251105s9999||||xx |||||||||||||||||und|| | ||
| 020 | _a9788484899099 | ||
| 041 | _aspa | ||
| 100 | _aAlzate, Carolina | ||
| 245 | 0 | _aSoledad Acosta de Samper y el discurso letrado de género, 1853-1881 | |
| 264 |
_a[Madrid, España] : _bIberoamericana Vervuert, _c2015 |
||
| 300 | _a172 páginas | ||
| 490 | _aJuego de Dados. Latinoamérica y su Cultura en el XIX | ||
| 650 | _aLatin American literature | ||
| 856 | _uhttps://public.digitaliapublishing.com/a/56780 | ||
| 942 | _cCF | ||
| 999 |
_c86871 _d86871 |
||